Surveying

Bibliographic Details
Main Author: Breed, Charles B
Format: Book
Published: London : John Wiley and Sons Inc. , 1942
Subjects:

MARC

LEADER 00000cam a2200000 7i4500
001 0000007898
005 20161103.0
040 |a INS 
090 0 0 |a TA545   |b B83 1942 
100 0 |a Breed, Charles B 
245 0 0 |a Surveying   |c Charles B. Breed 
260 |a London :   |b John Wiley and Sons Inc. ,   |c 1942 
300 |a 495p :   |b 19 cm 
650 0 |a Surveying   |x Public lands   |z United States 
650 0 0 |a Surveying 
999 |a 0000024098   |b BOOK   |c Open Shelf   |e Default branch